000 00872nam a2200229Ia 4500
001 10198
003 GE_BSU
008 181216s||||||||xx |||||||||||||| ||und||
040 _cGE_BSU
080 _a821.353.1–1
100 _aტაბიძე,გალაქტიონ
245 _aთხზულებანი თორმეტ ტომად. ტ.2
245 _bლექსები: [1917-1927]
245 _cსარედ.კოლ.გ.გვერდწითელი და სხვა.გამოსაც.მოამზადა იოსებ ლორთქიფანიძემ
260 _aთბილისი
260 _bსაბჭოთა საქართველო
260 _c1966
300 _a490გვ.21სმ.
653 _aთხზულებანი
653 _aლექსები
942 _cBK
999 _c43467
_d43467